000 00430nam a2200145Ia 4500
003 OSt
005 20260227111533.0
008 211028s2019 xx 000 0 und d
040 _cAIMIT LIBRARY
041 _aeng
100 _aBhat, Srinivas T; Harinakshi.
_g1716192
_98166
245 _aDetailed study on customer satisfaction at Sharkhan by BNP Paribas Mysore /
260 _aMangalore
_bVinay Krishna
_c2019
942 _2ddc
_cPRO
999 _c219734
_d219734